Naučnyje osnovy progressivnoj techniki i technologii

Guardado en:
Detalles Bibliográficos
Formato: Libro
Publicado: Moskva : Mašinostrojenije, 1986
Etiquetas: Agregar Etiqueta
Sin Etiquetas, Sea el primero en etiquetar este registro!

MARC

LEADER 00000nam a22000003a 4500
001 stu20184
005 20141122075559.8
008 ------s1986----xxr---------------------d
040 |a STU  |b slo 
041 0
044 |a xxr 
080 |a 330.341.1 
245 |a Naučnyje osnovy progressivnoj techniki i technologii 
260 |a Moskva :  |b Mašinostrojenije,  |c 1986 
300 |a 374 s :  |b Tab.,grafy,lit 
996 |b C79586  |c C*79586  |l CCXVIII  |s P  |a 0  |w stu20184_0001